Achanak (Record no. 34706)
[ view plain ]
| 000 -LEADER | |
|---|---|
| fixed length control field | 02924ngm a2200469 4500 |
| 003 - CONTROL NUMBER IDENTIFIER | |
| control field | dpl |
| 005 - DATE AND TIME OF LATEST TRANSACTION | |
| control field | 20100317101240.0 |
| 007 - PHYSICAL DESCRIPTION FIXED FIELD--GENERAL INFORMATION | |
| fixed length control field | DVD |
| 008 - FIXED-LENGTH DATA ELEMENTS--GENERAL INFORMATION | |
| fixed length control field | ||||||sp199 xxu|||||c ||| 00| 0 ng d |
| 010 ## - LIBRARY OF CONGRESS CONTROL NUMBER | |
| LC control number | DVD-006801-6809 |
| 024 ## - OTHER STANDARD IDENTIFIER | |
| Standard number or code | SHE 392 F2 |
| Terms of availability | 49.00 |
| 035 ## - SYSTEM CONTROL NUMBER | |
| System control number | DVD-006801-9809 |
| 040 ## - CATALOGING SOURCE | |
| Original cataloging agency | DPL |
| Transcribing agency | DPL |
| 082 ## - DEWEY DECIMAL CLASSIFICATION NUMBER | |
| Classification number | DVD ACHA |
| 245 ## - TITLE STATEMENT | |
| Title | Achanak |
| Statement of responsibility, etc | N. C. Sippy & Hrikesh Mukherjee Presents |
| Medium | [videorecording] VCD/ |
| 260 ## - PUBLICATION, DISTRIBUTION, ETC. (IMPRINT) | |
| Name of publisher, distributor, etc | Shemaroo Video Pvt. Ltd. |
| 300 ## - PHYSICAL DESCRIPTION | |
| Extent | 2 videodisc VCD; |
| Other physical details | sd., col. ; |
| Dimensions | 4 3/4 in. |
| Type of unit | VCD |
| 440 ## - SERIES STATEMENT/ADDED ENTRY--TITLE | |
| Title | Shemaroo Home Entertainment |
| 500 ## - GENERAL NOTE | |
| General note | Digitally Re-Mastered From the Original Film |
| 538 ## - SYSTEM DETAILS NOTE | |
| System details note | Dolby Digital 5.1 - Hindi Subtitles: English |
| 650 ## - SUBJECT ADDED ENTRY--TOPICAL TERM | |
| Topical term or geographic name as entry element | Motion Picture |
| 700 ## - ADDED ENTRY--PERSONAL NAME | |
| Personal name | Sippy, Romu N. |
| 700 ## - ADDED ENTRY--PERSONAL NAME | |
| Personal name | Sippy, Raj N. |
| 700 ## - ADDED ENTRY--PERSONAL NAME | |
| Personal name | Gulzar |
| 700 ## - ADDED ENTRY--PERSONAL NAME | |
| Personal name | Desai, Vasant |
| 700 ## - ADDED ENTRY--PERSONAL NAME | |
| Personal name | Hema Malini |
| 700 ## - ADDED ENTRY--PERSONAL NAME | |
| Personal name | Khanna, Vinod |
| 700 ## - ADDED ENTRY--PERSONAL NAME | |
| Personal name | Chakraborty, Lily |
| 700 ## - ADDED ENTRY--PERSONAL NAME | |
| Personal name | Farida Jalal |
| 700 ## - ADDED ENTRY--PERSONAL NAME | |
| Personal name | Chakraborty, Lily |
| 942 ## - ADDED ENTRY ELEMENTS (KOHA) | |
| Koha item type | CD-ROMs, DVDs, VHS |
| Source of classification or shelving scheme | Dewey Decimal Classification |
| Classification part | DVD |
| Call number suffix | ACHA |
| Withdrawn status | Lost status | Source of classification or shelving scheme | Damaged status | Not for loan | Home library | Current library | Date acquired | Source of acquisition | Cost, normal purchase price | Total Checkouts | Full call number | Barcode | Date last seen | Date checked out | Copy number | Cost, replacement price | Price effective from | Koha item type |
|---|---|---|---|---|---|---|---|---|---|---|---|---|---|---|---|---|---|---|
| Dewey Decimal Classification | Central Library | Central Library | 17/03/2010 | Pioneers/1010/30-12-09/325/13-10-09 /30-12-09 | 49.00 | 11 | DVD ACHA | DVD-006801 | 21/02/2014 | 01/02/2014 | 1 | 49.00 | 17/03/2010 | CD-ROMs, DVDs, VHS | ||||
| Dewey Decimal Classification | Janak Puri | Janak Puri | 17/03/2010 | Pioneers/1010/30-12-09/325/13-10-09 /30-12-09 | 49.00 | 2 | DVD ACHA | DVD-006803 | 10/09/2010 | 06/08/2010 | 1 | 49.00 | 17/03/2010 | CD-ROMs, DVDs, VHS | ||||
| Dewey Decimal Classification | Karol Bagh | Karol Bagh | 17/03/2010 | Pioneers/1010/30-12-09/325/13-10-09 /30-12-09 | 49.00 | 3 | DVD ACHA | DVD-006807 | 11/08/2010 | 29/07/2010 | 1 | 49.00 | 17/03/2010 | CD-ROMs, DVDs, VHS | ||||
| Dewey Decimal Classification | Narela | Narela | 17/03/2010 | Pioneers/1010/30-12-09/325/13-10-09 /30-12-09 | 49.00 | 2 | DVD ACHA | DVD-006808 | 05/08/2013 | 22/07/2013 | 1 | 49.00 | 17/03/2010 | CD-ROMs, DVDs, VHS | ||||
| Dewey Decimal Classification | Patel Nagar | Patel Nagar | 17/03/2010 | Pioneers/1010/30-12-09/325/13-10-09 /30-12-09 | 49.00 | 5 | DVD ACHA | DVD-006802 | 11/04/2013 | 05/04/2013 | 1 | 49.00 | 17/03/2010 | CD-ROMs, DVDs, VHS | ||||
| Dewey Decimal Classification | R.K.Puram-8 | R.K.Puram-8 | 17/03/2010 | Pioneers/1010/30-12-09/325/13-10-09 /30-12-09 | 49.00 | DVD ACHA | DVD-006805 | 17/03/2010 | 1 | 49.00 | 17/03/2010 | CD-ROMs, DVDs, VHS | ||||||
| Dewey Decimal Classification | Sarojini Nagar | Sarojini Nagar | 17/03/2010 | Pioneers/1010/30-12-09/325/13-10-09 /30-12-09 | 49.00 | 5 | DVD ACHA | DVD-006804 | 18/08/2012 | 18/08/2012 | 1 | 49.00 | 17/03/2010 | CD-ROMs, DVDs, VHS | ||||
| Dewey Decimal Classification | Shahdara Branch | Shahdara Branch | 17/03/2010 | Pioneers/1010/30-12-09/325/13-10-09 /30-12-09 | 49.00 | DVD ACHA | DVD-006809 | 17/03/2010 | 1 | 49.00 | 17/03/2010 | CD-ROMs, DVDs, VHS | ||||||
| Dewey Decimal Classification | Vinoba Puri | Vinoba Puri | 17/03/2010 | Pioneers/1010/30-12-09/325/13-10-09 /30-12-09 | 49.00 | 3 | DVD ACHA | DVD-006806 | 24/07/2013 | 08/07/2013 | 1 | 49.00 | 17/03/2010 | CD-ROMs, DVDs, VHS |
